• 首页
  • 本馆介绍
  • 公告通知
  • 最新文献
  • 馆藏检索
  • 电子资源
  • 读者导购
  • 参考咨询
  • 我的图书馆
  • 登录
  • 详细信息显示
  • 放入我的书架
  • 预约/预借图书
  • 作者相关作品
  • 分类相关作品
  • 丛书相关作品
  • 出版社相关作品

书目信息

  • 表格格式
  • 工作单格式
  • 卡片格式
题名:
核自适应滤波
    
 
作者: 刘伟峰 , 普林西佩 , 赫金 著 ;田亚娟 译
分册:  
出版信息: 北京   国防工业出版社  2016.7
页数: 18,213页
开本: 21cm
丛书名:
单 册:
中图分类: TN713
科图分类:
主题词: 自适应滤波
电子资源:
ISBN: 978-7-118-09597-5
000 01126nam0 2200301 450
001 0400002989
005 20171021170319.0
010    @a978-7-118-09597-5@dCNY68.00
100    @a20141124e2016 em y0chiy50 ea
101 1  @achi@ceng
102    @aCN@b110000
105    @ay z 000yy
106    @ar
200 1  @a核自适应滤波@9he zi shi ying lv bo@dKernel adaptive filtering@f(美)Weifeng Liu,(美)Jose C. Principe,(加)Simon Haykin著@g田亚娟[等]译@zeng
210    @a北京@c国防工业出版社@d2016.7
215    @a18,213页@d21cm
304    @a译者还有:张峰、肖忠祥、程国建
305    @a由John Wiley & Sons, Inc.授权出版
330    @a本书分为6章,内容包括:背景与展望、核最小均方算法、核仿射投影算法、核递归最小二乘算法、稀疏核自适应滤波器设计等。
510 1  @aKernel adaptive filtering@zeng
606 0  @a自适应滤波
690    @aTN713@v5
701  0 @c(美)@a刘伟峰@9liu wei feng@4著
701  0 @c(美)@a普林西佩@9pu lin xi pei@c(Principe, Jose C.)@4著
701  0 @c(加)@a赫金@9he jin@c(Haykin, Simon)@4著
702  0 @a田亚娟@9tian ya juan@4译
801  0 @aCN@b91MARC@c20171021
905    @b1021363-7@dTN713@f5@e321
    
    核自适应滤波=Kernel adaptive filtering/(美)Weifeng Liu,(美)Jose C. Principe,(加)Simon Haykin著/田亚娟[等]译.-北京:国防工业出版社,2016.7
    18,213页;21cm
    
    
    ISBN 978-7-118-09597-5:CNY68.00
    本书分为6章,内容包括:背景与展望、核最小均方算法、核仿射投影算法、核递归最小二乘算法、稀疏核自适应滤波器设计等。
●
相关链接 在E读中查询图书 在五车中查询图书 在当当中查询图书 在豆瓣中查询图书


正题名:核自适应滤波     索取号:TN713/321         预约/预借

序号 登录号 条形码 馆藏地/架位号 状态 备注
1 1021363   210213632   第二样本阅览室/ [索取号:TN713/321] 在馆    
2 1021364   210213641   密集书库-资源管理系/ [索取号:TN713/321] 在馆    
3 1021365   210213650   第三借阅区/ [索取号:TN713/321] 在馆    
4 1021366   210213669   第三借阅区/ [索取号:TN713/321] 在馆    
5 1021367   210213678   第三借阅区/ [索取号:TN713/321] 在馆    
唐山师范学院图书馆 欢迎您!
大连网信软件有限公司© 版权所有